College Basketball all American teams 2024-25 - Statistics

General Stats
  • This quiz has been taken 64 times
  • The average score is 10 of 15
Answer Stats
Hint Answer % Correct
Duke Cooper Flagg
98%
Auburn Johni Broome
89%
Florida Walter Clayton Jr.
83%
Purdue Braden Smith
79%
Alabama Mark Sears
74%
Texas Tech JT Toppin
68%
Kansas Hunter Dickinson
64%
Marquette Kam Jones
64%
Creighton Ryan Kalkbrenner
62%
Memphis PJ Haggerty
58%
St. Johns RJ Luis
57%
Wisconsin John Tonje
51%
Houston LJ Cryer
51%
Villanova Eric Dixon
42%
Tennessee Zakai Zeigler
40%
No matching quizzes found
Score Distribution
Percent of People with Each Score
Percentile by Number Answered
Your Score History
You have not taken this quiz